HUMAN PHYSIOLOGY. (Record no. 216780)
[ view plain ]
| 000 -LEADER | |
|---|---|
| fixed length control field | 00512nam a22001697a 4500 |
| 008 - FIXED-LENGTH DATA ELEMENTS--GENERAL INFORMATION | |
| fixed length control field | 260304b |||||||| |||| 00| 0 eng d |
| 020 ## - INTERNATIONAL STANDARD BOOK NUMBER | |
| International Standard Book Number | 978-1-305-26403-8 |
| 050 ## - LIBRARY OF CONGRESS CALL NUMBER | |
| Classification number | QP 34.5 .S54 2016 |
| 100 ## - MAIN ENTRY--PERSONAL NAME | |
| Personal name | SHERWOOD, LAURALEE |
| 245 ## - TITLE STATEMENT | |
| Title | HUMAN PHYSIOLOGY. |
| Remainder of title | FROM CELLS TO SYSTEMS. |
| 260 ## - PUBLICATION, DISTRIBUTION, ETC. | |
| Place of publication, distribution, etc. | AUSTRALIA, |
| Name of publisher, distributor, etc. | CENGAGE LEARNING, |
| Date of publication, distribution, etc. | 2016 |
| 300 ## - PHYSICAL DESCRIPTION | |
| Extent | xxvii, 772 P, ILL |
| 500 ## - GENERAL NOTE | |
| General note | INCLUDES INDEX |
| 650 ## - SUBJECT ADDED ENTRY | |
| Topical term or geographic name entry element | HUMAN PHYSIOLOGY TEXTBOOK 2. CELL PHYSIOLOGY- TEXTBOOK |
| 942 ## - ADDED ENTRY ELEMENTS (KOHA) | |
| Source of classification or shelving scheme | Library of Congress Classification |
| Koha item type | Long Loan Book |
| Withdrawn status | Lost status | Source of classification or shelving scheme | Damaged status | Not for loan | Collection | Home library | Current library | Shelving location | Date acquired | Inventory number | Total checkouts | Full call number | Barcode | Date last seen | Copy number | Price effective from | Koha item type |
|---|---|---|---|---|---|---|---|---|---|---|---|---|---|---|---|---|---|
| Library of Congress Classification | Medicine | Kisii University Library | Kisii University Library | On Display | 03/04/2026 | 112157 | QP 34.5 .S54 2016 | A000055 | 03/04/2026 | 1 | 03/04/2026 | Long Loan Book | |||||
| Library of Congress Classification | Medicine | Kisii University Library | Kisii University Library | On Display | 03/04/2026 | 112158 | QP 34.5 .S54 2016 | A000042 | 03/04/2026 | 2 | 03/04/2026 | Long Loan Book | |||||
| Library of Congress Classification | Medicine | Kisii University Library | Kisii University Library | On Display | 03/04/2026 | 112159 | QP 34.5 .S54 2016 | A000048 | 03/04/2026 | 3 | 03/04/2026 | Long Loan Book | |||||
| Library of Congress Classification | Medicine | Kisii University Library | Kisii University Library | On Display | 03/04/2026 | 112160 | QP 34.5 .S54 2016 | A000050 | 03/04/2026 | 4 | 03/04/2026 | Long Loan Book |